000 00310 a2200145 4500
001 169745
020 _a
040 _cMagnum
100 _aCooper, James Fenimore
240 1 0 _aEl ultimo mohicano
_lESP
245 1 0 _aEl ultimo mohicano
362 0 _a1899
697 _aLITERATURA ESTRANGEIRA
942 _cBK
999 _c169745
_d169745